000
00238 a2200121 4500
000
nam a22 7a 4500
100
_a
singh y
110
_a
singh y
245
_a
Mastering Python
260
_b
t r p
264
_b
t r p
942
_c
BK
999
_c
394950
_d
394950